| 000 | 00000nas##2200000za#4500 |
| 001 | 9.505785 |
| 003 | CaOODSP |
| 005 | 20200325085951 |
| 007 | cr ||||||||||| |
| 008 | 150406c2009||||xxc|| p o||||f| |0eng|d |
| 040 | |aCaOODSP|beng |
| 043 | |an-cn--- |
| 086 | 1 |aFs151-1E-PDF |
| 110 | 1 |aCanada.|bDepartment of Fisheries and Oceans. |bCanadian Coast Guard. |
| 245 | 10|aCanadian Coast Guard - Research and Development Program - annual report |h[electronic resource] |
| 260 | |aOttawa - Ontario : |bFisheries and Oceans Canada. |
| 310 | |aAnnual |
| 362 | 1 |a2001/2002-- |
| 775 | 08|tProgramme de la recherche et du développement de la Garde côtière canadienne, rapport annuel.|w(CaOODSP)9.502189 |